000 00581nam a22002177a 4500
003 UA-OsUOA
001 97724
007 ta
008 20130404b un ||||| |||| 00| 0 ukr d
090 _a821.161.1
_bЧ26
942 _cBK
040 _aUA-OsUOA
_brus
_cUA-OsUOA
_dUA-OsUOA
245 _aПервый штурм
_cсост. К. Шацилло
300 _a652 с.
955 _a3
041 _arus
080 _a821.161.1
260 _aМ.
_bМолодая гвардия
_c1990
650 7 _a9 Географія. Біографії. Історія
_2UDC
999 _c383970
_d383970